| 000 | 00724nam a2200229 a 4500 | ||
|---|---|---|---|
| 001 | 33137 | ||
| 003 | BD-RjUL | ||
| 005 | 20211209051943.0 | ||
| 008 | 140430s1969 enk b 001 0 eng d | ||
| 035 | _a(BD-RjUL)33228 | ||
| 040 |
_aDLC _cDLC _beng _dBD-RjUL |
||
| 041 | _aeng | ||
| 082 | 0 | 0 |
_a301.0973 _bODA 1969 |
| 100 | 1 |
_aOdum, Howard W. _9100654 |
|
| 245 | 1 | 0 |
_aAmerican sociology : _bthe story of sociology in the United States through 1950 / _cby Howard Washington Odum |
| 260 |
_aNew York : _bGreen wood Press, _cc1951 [Reprint 1969] |
||
| 300 |
_avi, 501p. ; _c25 cm |
||
| 500 | _aIncludes index | ||
| 504 | _aBibliography: p. 311-354 | ||
| 650 | 0 |
_aChristian sociology _zUnited States _9100655 |
|
| 942 |
_2ddc _cBK |
||
| 999 |
_c33137 _d33137 |
||